Anatomy of Orofacial Structures / (Record no. 16796)
[ view plain ]
| 000 -LEADER | |
|---|---|
| fixed length control field | 01100cam a2200313 a 4500 |
| 001 - CONTROL NUMBER | |
| control field | 13463589 |
| 005 - DATE AND TIME OF LATEST TRANSACTION | |
| control field | 20120925141724.0 |
| 008 - FIXED-LENGTH DATA ELEMENTS--GENERAL INFORMATION | |
| fixed length control field | 040121s2003 moua b 001 0 eng |
| 020 ## - INTERNATIONAL STANDARD BOOK NUMBER | |
| International Standard Book Number | 0323019544 |
| 040 ## - CATALOGING SOURCE | |
| Original cataloging agency | DLC |
| Transcribing agency | DLC |
| Modifying agency | DLC |
| 082 00 - DEWEY DECIMAL CLASSIFICATION NUMBER | |
| Classification number | 611.31 |
| Edition number | 21 |
| Item number | BRA |
| 100 1# - MAIN ENTRY--PERSONAL NAME | |
| Personal name | Brand, Richard W., |
| Dates associated with a name | 1933- |
| 9 (RLIN) | 30228 |
| 245 10 - TITLE STATEMENT | |
| Title | Anatomy of Orofacial Structures / |
| Statement of responsibility, etc | Richard W. Brand, Donald E. Isselhard ; workbook questions contributed by Elaine Satin |
| 250 ## - EDITION STATEMENT | |
| Edition statement | 7th ed. |
| 260 ## - PUBLICATION, DISTRIBUTION, ETC. (IMPRINT) | |
| Place of publication, distribution, etc | St. Louis : |
| Name of publisher, distributor, etc | Mosby, |
| Date of publication, distribution, etc | c2003. |
| 300 ## - PHYSICAL DESCRIPTION | |
| Extent | xiii, 567, [32] p. : |
| Other physical details | ill. ; |
| Dimensions | 24 cm. |
| 500 ## - GENERAL NOTE | |
| General note | Includes flash cards. |
| 504 ## - BIBLIOGRAPHY, ETC. NOTE | |
| Bibliography, etc | Includes bibliographical references and index. |
| 541 ## - IMMEDIATE SOURCE OF ACQUISITION NOTE | |
| Source of acquisition | Donation from Baccah |
| 650 #0 - SUBJECT ADDED ENTRY--TOPICAL TERM | |
| Topical term or geographic name as entry element | Teeth |
| General subdivision | Anatomy. |
| 9 (RLIN) | 30229 |
| 650 #0 - SUBJECT ADDED ENTRY--TOPICAL TERM | |
| Topical term or geographic name as entry element | Mouth |
| General subdivision | Anatomy. |
| 9 (RLIN) | 30230 |
| 650 #0 - SUBJECT ADDED ENTRY--TOPICAL TERM | |
| Topical term or geographic name as entry element | Head |
| General subdivision | Anatomy. |
| 9 (RLIN) | 30231 |
| 650 #0 - SUBJECT ADDED ENTRY--TOPICAL TERM | |
| Topical term or geographic name as entry element | Neck |
| General subdivision | Anatomy. |
| 9 (RLIN) | 30232 |
| 653 ## - INDEX TERM--UNCONTROLLED | |
| Resource For college | |
| Arrived date list | June2012 |
| -- | September2012 |
| 700 1# - ADDED ENTRY--PERSONAL NAME | |
| Personal name | Isselhard, Donald E. |
| 9 (RLIN) | 30233 |
| 700 1# - ADDED ENTRY--PERSONAL NAME | |
| Personal name | Satin, Elaine. |
| 9 (RLIN) | 30234 |
| 942 ## - ADDED ENTRY ELEMENTS (KOHA) | |
| Source of classification or shelving scheme | Dewey Decimal Classification |
| Item type | |
| Withdrawn status | Item status | Source of classification or shelving scheme | Damaged status | Not for loan | Vendor | Home library | Current library | Shelving location | Date acquired | Source of acquisition | Cost, normal purchase price | Serial Enumeration / chronology | Total Checkouts | Full call number | Barcode | Date last seen | Date last borrowed | Koha item type | Total Renewals |
|---|---|---|---|---|---|---|---|---|---|---|---|---|---|---|---|---|---|---|---|
| Dewey Decimal Classification | Donation-Gift | Central Library | Central Library | First floor | 27/06/2012 | Donation | 290.00 | 15360 | 1 | 611.31 BRA | 000026880 | 15/07/2025 | 05/10/2015 | Book - Borrowing | |||||
| Dewey Decimal Classification | Donation-Gift | Central Library | Central Library | First floor | 27/06/2012 | Donation | 290.00 | 15360 | 611.31 BRA | 000026881 | 15/07/2025 | Book - Borrowing | |||||||
| Dewey Decimal Classification | Baccah | Central Library | Central Library | First floor | 25/09/2012 | 290.00 | 3 | 2 | 611.31 BRA | 000027342 | 15/07/2025 | 01/06/2016 | Book - Borrowing | 1 | |||||
| Dewey Decimal Classification | Baccah | Central Library | Central Library | First floor | 25/09/2012 | 290.00 | 3 | 611.31 BRA | 000027343 | 15/07/2025 | Book - Borrowing | ||||||||
| Dewey Decimal Classification | Baccah | Central Library | Central Library | First floor | 25/09/2012 | 290.00 | 3 | 1 | 611.31 BRA | 000027344 | 15/07/2025 | 21/01/2019 | Book - Borrowing | 19 | |||||
| Dewey Decimal Classification | Baccah | Central Library | Central Library | First floor | 25/09/2012 | 290.00 | 3 | 611.31 BRA | 000027345 | 15/07/2025 | Book - Borrowing | ||||||||
| Dewey Decimal Classification | Baccah | Central Library | Central Library | First floor | 25/09/2012 | 290.00 | 3 | 611.31 BRA | 000027346 | 15/07/2025 | Book - Borrowing | ||||||||
| Dewey Decimal Classification | Baccah | Central Library | Central Library | First floor | 25/09/2012 | 290.00 | 3 | 1 | 611.31 BRA | 000027347 | 15/07/2025 | 25/10/2015 | Book - Borrowing | 26 | |||||
| Dewey Decimal Classification | Baccah | Central Library | Central Library | First floor | 25/09/2012 | 290.00 | 3 | 611.31 BRA | 000027348 | 15/07/2025 | Book - Borrowing | ||||||||
| Dewey Decimal Classification | Baccah | Central Library | Central Library | First floor | 25/09/2012 | 290.00 | 3 | 2 | 611.31 BRA | 000027349 | 15/07/2025 | 21/01/2019 | Book - Borrowing | 20 |